| 000 | 00446nam a22001457a 4500 | ||
|---|---|---|---|
| 999 |
_c2905 _d2905 |
||
| 008 | 200318b ||||| |||| 00| 0 eng d | ||
| 020 | _a9788173194955 | ||
| 100 |
_91181 _aKrishnamoorthy, C. S. |
||
| 245 | 1 | 0 |
_aComputer aided design: software and analytical tools / _cby C.S. Krishnamoorthy. |
| 250 | _a2nd ed. | ||
| 260 |
_aNew Delhi: _bNarosha Publishing House, _c2008. |
||
| 300 | _axviii,374p. | ||
| 650 | 0 | _aComputer Aided Design | |
| 942 | _cBK | ||